000 00604nam a2200205Ia 4500
003 GCL
008 140319s9999 xx 000 0 ara d
040 _aGCL /
_cGCL
082 0 4 _aق
_b814.962
_bع ا
100 1 _aعبداللطيف حمزة
245 1 0 _aادب المقالة الصحفية فى مصر /
_cعبداللطيف حمزة
260 _aالقاهرة :
_bدار الفكر العربى ،
_c1950
300 _a209 ص ؛
_c24 سم
490 _a
650 0 4 _aالادب العربى
650 0 4 _aمصر
650 0 4 _aالادب
650 0 4 _aالمقالات
942 _2ddc
_cBK
999 _c45392
_d45392